[Event "4NCL Division 3"]
[Site "Daventry Court ENG"]
[Date "2015.05.04"]
[Round "11.99"]
[White "Webster, Paul"]
[Black "Galligan, Brian"]
[Result "1/2-1/2"]
[WhiteElo "1970"]
[BlackElo "2117"]
[PlyCount "47"]
[EventDate "2015.05.04"]

1. d4 Nf6 2. Nf3 g6 3. g3 Bg7 4. Bg2 c5 5. O-O cxd4 6. Nxd4 Nc6 7. c3 O-O 8.
Nd2 e5 9. Nxc6 bxc6 10. Nc4 Qe7 11. b3 Qe6 12. Ba3 Rd8 13. Qc2 d5 14. Nb2 Bb7
15. Na4 Nd7 16. e3 Bf8 17. Bxf8 Rxf8 18. e4 Qe7 19. Rfd1 dxe4 20. Qxe4 Nb6 21.
Nxb6 axb6 22. a4 Rad8 23. b4 Ba8 24. Qc4 1/2-1/2

[Event "4NCL Division 3"]
[Site "Daventry Court ENG"]
[Date "2015.05.04"]
[Round "11.99"]
[White "Mansson, James C"]
[Black "Fallowfield, Nicholas"]
[Result "1-0"]
[WhiteElo "2073"]
[BlackElo "1942"]
[PlyCount "47"]
[EventDate "2015.05.04"]

1. d4 d5 2. c4 Nc6 3. Nc3 dxc4 4. d5 Ne5 5. f4 Nd7 6. e4 Nb6 7. a4 a5 8. Be3 e6
9. Bxb6 cxb6 10. Bxc4 Bb4 11. dxe6 Bxe6 12. Bb5+ Kf8 13. f5 Qh4+ 14. Kf1 Rd8
15. Qc2 Bc8 16. Nf3 Qe7 17. Rd1 Nf6 18. Rxd8+ Qxd8 19. Ke2 g6 20. Rd1 Qc7 21.
Qd3 Bxc3 22. bxc3 Qf4 23. e5 Qe4+ 24. Qxe4 1-0

[Event "4NCL Division 3"]
[Site "Daventry Court ENG"]
[Date "2015.05.04"]
[Round "11.99"]
[White "Garnett, John S"]
[Black "Wallace, Paul A"]
[Result "0-1"]
[WhiteElo "1993"]
[BlackElo "2211"]
[PlyCount "84"]
[EventDate "2015.05.04"]

1. d4 Nf6 2. Bg5 Ne4 3. Bf4 c5 4. d5 d6 5. f3 Qa5+ 6. c3 Nf6 7. e4 g6 8. Na3
Bg7 9. Nc4 Qd8 10. a4 O-O 11. Bd3 Nbd7 12. Ne2 b6 13. O-O a6 14. Qd2 Re8 15.
Bh6 Bh8 16. Qg5 Rb8 17. f4 b5 18. axb5 axb5 19. Ne3 c4 20. Bc2 Nc5 21. Ng3 Qb6
22. f5 Nd3 23. fxg6 hxg6 24. Bxd3 cxd3 25. Ngf5 Bxf5 26. exf5 Nh7 27. Qg4 Nf6
28. Qf3 b4 29. fxg6 fxg6 30. g4 Kh7 31. Qh3 Bg7 32. Bf4+ Kg8 33. g5 Nh5 34.
Qe6+ Kh7 35. cxb4 Rf8 36. Bg3 Qxb4 37. Rxf8 Rxf8 38. Qxe7 d2 39. Bxd6 Qh4 40.
Bg3 Nxg3 41. hxg3 Qxg3+ 42. Ng2 Re8 0-1

[Event "4NCL Division 3"]
[Site "Daventry Court ENG"]
[Date "2015.05.04"]
[Round "11.99"]
[White "Acey, Gerald"]
[Black "Peat, Matthew"]
[Result "1/2-1/2"]
[WhiteElo "2105"]
[BlackElo "2029"]
[PlyCount "35"]
[EventDate "2015.05.04"]

1. d4 d5 2. Nf3 Nf6 3. g3 b5 4. Bg2 e6 5. c3 Bb7 6. a4 b4 7. O-O Nbd7 8. Nbd2
bxc3 9. bxc3 c5 10. Ba3 Be7 11. Rb1 Rb8 12. Nb3 Qc7 13. c4 dxc4 14. Nxc5 Nxc5
15. Bxc5 Bxc5 16. dxc5 O-O 17. Qd4 Ne4 18. Qxc4 1/2-1/2

[Event "4NCL Division 3"]
[Site "Daventry Court ENG"]
[Date "2015.05.04"]
[Round "11.99"]
[White "Okhai, Shabir"]
[Black "Richardson, Alex"]
[Result "1/2-1/2"]
[WhiteElo "1987"]
[BlackElo "2103"]
[PlyCount "124"]
[EventDate "2015.05.04"]

1. e4 c6 2. d4 d5 3. e5 Bf5 4. Nf3 e6 5. Be2 Ne7 6. O-O Nd7 7. Nh4 Bg6 8. Nd2
Nf5 9. Nxg6 hxg6 10. Nf3 Be7 11. Bd2 Qc7 12. c3 a6 13. b4 a5 14. bxa5 Rxa5 15.
c4 Ra7 16. cxd5 exd5 17. Bd3 Nf8 18. Qc2 Qd7 19. Rfe1 Nh4 20. Nxh4 Rxh4 21. g3
Rh8 22. f4 Ne6 23. Be3 Bb4 24. Reb1 Ba5 25. a4 Kd8 26. f5 gxf5 27. Bxf5 Kc7 28.
Rb2 Rha8 29. Rab1 Kc8 30. Qf2 Bd8 31. Bc2 b6 32. Rc1 Ra6 33. Bd3 Rxa4 34. Bb5
Ra1 35. Rbc2 Nc5 36. dxc5 cxb5 37. cxb6+ Kb7 38. Kg2 Rxc1 39. Rxc1 Ra6 40. Rf1
Bxb6 41. Bxb6 Rxb6 42. Qxf7 Qxf7 43. Rxf7+ Kc8 44. Kf3 b4 45. Ke3 b3 46. Rf1
Kd7 47. Rb1 Ke6 48. Kd4 b2 49. h4 Rb4+ 50. Kc3 Rg4 51. Rxb2 Rxg3+ 52. Kd4 Rg4+
53. Kd3 Kxe5 54. Rh2 Rg3+ 55. Kd2 Ke4 56. h5 Rg4 57. h6 gxh6 58. Rxh6 Rg2+ 59.
Kd1 d4 60. Rh4+ Kd3 61. Rh3+ Kc4 62. Ra3 Rg1+ 1/2-1/2

[Event "4NCL Division 3"]
[Site "Daventry Court ENG"]
[Date "2015.05.04"]
[Round "11.99"]
[White "Edwards, Simon R"]
[Black "Denton, John R"]
[Result "1-0"]
[WhiteElo "2027"]
[BlackElo "2031"]
[PlyCount "77"]
[EventDate "2015.05.04"]

1. e4 c6 2. d4 d5 3. e5 Bf5 4. h4 h5 5. Bg5 Qb6 6. Bd3 Qxd4 7. Nf3 Qg4 8. O-O
e6 9. Be2 Qb4 10. Nd4 Bg6 11. c4 Be7 12. cxd5 exd5 13. Nc3 Nd7 14. Nxd5 cxd5
15. Nb5 Bxg5 16. hxg5 Ne7 17. Nc7+ Kd8 18. Nxa8 Nxe5 19. Qc1 Qd6 20. Rd1 Kd7
21. Nc7 Qxc7 22. Bb5+ Kc8 23. Qe3 N5c6 24. Rac1 Kb8 25. b4 Rc8 26. Bxc6 bxc6
27. Rc5 Qd6 28. Qc3 f6 29. Rc1 d4 30. Qb3 Bf5 31. b5 cxb5 32. Rxb5+ Ka8 33.
Qf3+ Rc6 34. Rxf5 Kb8 35. Rxc6 Qxc6 36. Qxc6 Nxc6 37. gxf6 gxf6 38. Kf1 Kc7 39.
Ke2 1-0

[Event "4NCL Division 3"]
[Site "Daventry Court ENG"]
[Date "2015.05.04"]
[Round "11.99"]
[White "Webster, Richard J"]
[Black "Harris, Martyn J"]
[Result "0-1"]
[WhiteElo "1961"]
[BlackElo "1870"]
[PlyCount "64"]
[EventDate "2015.05.04"]

1. c4 Nf6 2. Nc3 c5 3. Nf3 b6 4. e3 Bb7 5. Be2 e6 6. O-O Be7 7. Qc2 O-O 8. Rd1
a6 9. d4 Qc7 10. d5 exd5 11. cxd5 d6 12. e4 Nbd7 13. a4 h6 14. Nd2 Rae8 15. f4
Bd8 16. Nc4 Qb8 17. Bf3 Re7 18. Be3 b5 19. axb5 axb5 20. Nxb5 Bxd5 21. Nbxd6
Bc7 22. e5 Bxf3 23. gxf3 Bxd6 24. Nxd6 Nh5 25. Nf5 Rxe5 26. fxe5 Nxe5 27. Qg2
Kh8 28. Bxc5 Rc8 29. b4 Ng6 30. Rd6 Nhf4 31. Qd2 Kh7 32. Qd4 Ne2+ 0-1

[Event "4NCL Division 3"]
[Site "Daventry Court ENG"]
[Date "2015.05.04"]
[Round "11.99"]
[White "Jamieson, Ian M"]
[Black "Truman, Richard G"]
[Result "1/2-1/2"]
[WhiteElo "1949"]
[BlackElo "1964"]
[PlyCount "138"]
[EventDate "2015.05.04"]

1. b3 Nf6 2. Bb2 g6 3. Bxf6 exf6 4. d4 Bg7 5. Nf3 d5 6. e3 O-O 7. Be2 c5 8. c3
b6 9. O-O Nc6 10. Nbd2 Be6 11. a3 Qd7 12. Ne1 Qe7 13. Nd3 a5 14. Nf4 Bh6 15. g3
Rad8 16. Bf3 g5 17. Ng2 f5 18. Re1 Qc7 19. Nf1 Kh8 20. Ra2 Rg8 21. Be2 Ne7 22.
Bd3 Qd7 23. b4 c4 24. Bb1 Ng6 25. Qh5 Bf8 26. Qxg5 Be7 27. Qh5 Rg7 28. Nf4 Bd6
29. Kh1 Rdg8 30. Nd2 Ne7 31. Nf3 Nc6 32. Qh3 Rg4 33. Nh4 Ne7 34. f3 R4g5 35.
Qf1 Ng6 36. Nhg2 Nxf4 37. Nxf4 Bxf4 38. exf4 Rh5 39. Qf2 Rh3 40. Kg2 Rh6 41.
Rg1 Qd6 42. Kf1 Bd7 43. Bc2 Qe6 44. Bd1 Rhg6 45. Re2 Qd6 46. Rg2 h5 47. Qe1 h4
48. Re7 Be6 49. Qe5+ Qxe5 50. fxe5 axb4 51. cxb4 hxg3 52. hxg3 Rxg3 53. Rh2+
Kg7 54. Kf2 f4 55. Rb7 Bf5 56. e6 Bxe6 57. Bc2 Bh3 58. Rxb6 Re8 59. Rd6 Re3 60.
Bd1 Rxa3 61. Rxd5 Ra2+ 62. Be2 c3 63. Rc5 c2 64. b5 Rb2 65. b6 Bf5 66. Rh1 Bd3
67. Rc1 Bxe2 68. Kxe2 Rg2+ 69. Kd3 Rxb6 1/2-1/2

[Event "4NCL Division 3"]
[Site "Daventry Court ENG"]
[Date "2015.05.04"]
[Round "11.99"]
[White "Swanson, Stephen"]
[Black "Lydiard, Robert  G"]
[Result "1-0"]
[WhiteElo "2211"]
[BlackElo "2011"]
[PlyCount "95"]
[EventDate "2015.05.04"]

1. e4 d6 2. Nc3 Nf6 3. g3 c5 4. Bg2 Nc6 5. d3 g6 6. f4 Bg4 7. Nge2 Nd4 8. h3
Bf3 9. O-O Bxg2 10. Kxg2 Bg7 11. Be3 Nd7 12. Qd2 f5 13. Rae1 h5 14. Bg1 Nb8 15.
Nxd4 cxd4 16. Nd5 Nc6 17. exf5 gxf5 18. Re6 Kf7 19. Rfe1 Be5 20. fxe5 Kxe6 21.
exd6+ Kxd5 22. dxe7 Qd6 23. c4+ Kc5 24. b4+ Nxb4 25. Rb1 Qc6+ 26. Kh2 Qa4 27.
Rxb4 Qxb4 28. Bxd4+ Kxd4 29. Qxb4 Kxd3 30. c5 a5 31. Qxb7 a4 32. Qd5+ Kc3 33.
c6 Kb2 34. h4 Rhg8 35. c7 Ka3 36. Qc4 Kb2 37. Qd5 Ka3 38. Kh3 Kb2 39. Qd2+ Ka3
40. Qc2 Rac8 41. Qxf5 Kxa2 42. Qc2+ Ka3 43. Qb1 Rge8 44. Kg2 Rxc7 45. Qa1+ Kb3
46. Qb1+ Ka3 47. Qa1+ Kb3 48. Qb1+ 1-0

[Event "4NCL Division 3"]
[Site "Daventry Court ENG"]
[Date "2015.05.04"]
[Round "11.99"]
[White "Smart, Mike"]
[Black "Byway, Paul V"]
[Result "1-0"]
[WhiteElo "2050"]
[BlackElo "2166"]
[PlyCount "79"]
[EventDate "2015.05.04"]

1. e4 c5 2. Nf3 e6 3. d4 cxd4 4. Nxd4 Nf6 5. Bd3 Nc6 6. Nxc6 bxc6 7. O-O d6 8.
b3 e5 9. h3 Be7 10. Bb2 O-O 11. c4 Be6 12. Nc3 Nd7 13. Qe2 Nc5 14. Bc2 a5 15.
Rfd1 Qb8 16. Rab1 Bc8 17. Bc1 Ne6 18. Be3 Qc7 19. Na4 Rb8 20. f3 c5 21. Nc3 Nd4
22. Qf2 Bh4 23. Qxh4 Nxc2 24. Nd5 Qd8 25. Ne7+ Kh8 26. Bxc5 Nd4 27. Rxd4 exd4
28. Bxd4 f6 29. Nc6 Qc7 30. Nxb8 Qxb8 31. Qf4 Qb4 32. Rd1 a4 33. Bf2 axb3 34.
axb3 Qxb3 35. Qxd6 Rg8 36. c5 Bb7 37. Rd2 Rc8 38. Qe7 Bc6 39. Rd6 h6 40. Rxc6
1-0

[Event "4NCL Division 3"]
[Site "Daventry Court ENG"]
[Date "2015.05.04"]
[Round "11.99"]
[White "Goodger, Martyn"]
[Black "Shepley, Julien"]
[Result "1/2-1/2"]
[WhiteElo "2103"]
[BlackElo "2035"]
[PlyCount "64"]
[EventDate "2015.05.04"]

1. e4 d6 2. d4 Nf6 3. Nc3 e5 4. Nf3 Nbd7 5. Bc4 Be7 6. O-O c6 7. a4 Qc7 8. Re1
h6 9. h3 g5 10. Nh2 Nf8 11. dxe5 dxe5 12. Be3 Ng6 13. Ng4 Nxg4 14. hxg4 Nf4 15.
Be2 Be6 16. Bxf4 gxf4 17. Bf3 Rd8 18. Qe2 Rg8 19. Red1 Qc8 20. Rxd8+ Bxd8 21.
Rd1 Be7 22. b3 Bxg4 23. Bxg4 Qxg4 24. Qxg4 Rxg4 25. Rd3 Bc5 26. Kf1 Rh4 27. Kg1
a5 28. Nb1 Ke7 29. Nd2 Bd6 30. c4 Ke6 31. Rc3 Bc5 32. Rd3 Bd6 1/2-1/2

[Event "4NCL Division 3"]
[Site "Daventry Court ENG"]
[Date "2015.05.04"]
[Round "11.99"]
[White "Punnett, Alan"]
[Black "Rosen, Daniel B"]
[Result "1/2-1/2"]
[WhiteElo "2080"]
[BlackElo "2074"]
[PlyCount "81"]
[EventDate "2015.05.04"]

1. e4 g6 2. d4 Bg7 3. Nc3 d6 4. Nf3 Nf6 5. Bg5 Bg4 6. h3 Bxf3 7. Qxf3 Nbd7 8.
O-O-O O-O 9. Qe3 e5 10. dxe5 dxe5 11. Be2 c6 12. h4 Qb6 13. Qh3 h6 14. Be3 Qc7
15. h5 g5 16. Bxg5 Nc5 17. f3 b5 18. Be3 Ne6 19. g4 Rfd8 20. Rdg1 Nh7 21. Bd1
a5 22. Ne2 Nf4 23. Qh2 Nxe2+ 24. Bxe2 Ng5 25. Bxg5 hxg5 26. h6 Bf8 27. a4 Bc5
28. h7+ Kh8 29. Qh6 Be3+ 30. Kb1 Rd6 31. Qh5 Bxg1 32. Rxg1 Rg6 33. Qh2 Rb8 34.
Rd1 Re6 35. Bd3 Qb6 36. axb5 cxb5 37. Qd2 Qd8 38. Qc3 Rc8 39. Qb3 Rb8 40. Qc3
Rc8 41. Qb3 1/2-1/2

[Event "4NCL Division 3"]
[Site "Daventry Court ENG"]
[Date "2015.05.04"]
[Round "11.99"]
[White "McCorry, Robert T"]
[Black "Stimpson, Phil"]
[Result "1-0"]
[WhiteElo "2037"]
[BlackElo "1997"]
[PlyCount "89"]
[EventDate "2015.05.04"]

1. Nf3 d5 2. d4 Nf6 3. c4 c6 4. e3 e6 5. b3 Bb4+ 6. Bd2 a5 7. Bd3 Nbd7 8. O-O
Bd6 9. Bc3 O-O 10. Nbd2 Re8 11. Ne5 Nf8 12. f4 Ng6 13. Rf3 Nd7 14. Rh3 f5 15.
Qh5 Nf6 16. Qe2 Bxe5 17. fxe5 Ne4 18. Bxe4 dxe4 19. Qh5 Nf8 20. a4 Qe7 21. c5
b5 22. cxb6 Ba6 23. Nc4 Bxc4 24. bxc4 c5 25. Rb1 g6 26. Qd1 Reb8 27. Rb5 Nd7
28. dxc5 Nxc5 29. Rxa5 Rxa5 30. Bxa5 Rd8 31. Qc2 Nd3 32. Bd2 Qc5 33. a5 Nxe5
34. b7 Nxc4 35. a6 Rxd2 36. b8=Q+ Kg7 37. Qc3+ e5 38. Qb7+ Kf6 39. Qb1 Rd3 40.
Qcc2 f4 41. Qbc1 fxe3 42. Kh1 Rd2 43. Qxe4 e2 44. Qh4+ Ke6 45. Qhxc4+ 1-0

[Event "4NCL Division 3"]
[Site "Daventry Court ENG"]
[Date "2015.05.04"]
[Round "11.99"]
[White "Galer, Sebastian"]
[Black "McMahon, Paul"]
[Result "0-1"]
[WhiteElo "2005"]
[BlackElo "1989"]
[PlyCount "92"]
[EventDate "2015.05.04"]

1. e4 e5 2. Nf3 Nc6 3. Bb5 a6 4. Bxc6 dxc6 5. O-O f6 6. d4 Bg4 7. dxe5 Qxd1 8.
Rxd1 fxe5 9. h3 Bxf3 10. gxf3 Bd6 11. Be3 Nf6 12. Nd2 b5 13. c4 Nd7 14. Kf1 Rf8
15. Ke2 Nc5 16. Rdc1 Ne6 17. a4 Kd7 18. c5 Be7 19. Nb3 Nf4+ 20. Bxf4 Rxf4 21.
axb5 cxb5 22. Rg1 g6 23. Rg4 Rf6 24. Rd1+ Ke6 25. Rgg1 a5 26. Rc1 a4 27. Nd2
Kd7 28. Rgd1 Rc6 29. Nf1+ Ke6 30. Rd5 b4 31. Rc4 a3 32. bxa3 bxa3 33. Rc1 Rxc5
34. Rdxc5 Bxc5 35. Nd2 Bd4 36. Nb3 c5 37. Nxd4+ cxd4 38. Kd3 a2 39. Ra1 Ra3+
40. Kc4 Rc3+ 41. Kb4 Rc2 42. Kb3 Rxf2 43. Rxa2 Rxa2 44. Kxa2 Kf6 45. h4 g5 46.
h5 g4 0-1

[Event "4NCL Division 3"]
[Site "Daventry Court ENG"]
[Date "2015.05.04"]
[Round "11.99"]
[White "Johnson, Michael D"]
[Black "Lemoir, David"]
[Result "1/2-1/2"]
[WhiteElo "2030"]
[BlackElo "2097"]
[PlyCount "50"]
[EventDate "2015.05.04"]

1. Nf3 Nc6 2. d4 d5 3. g3 Bg4 4. Bg2 Qd7 5. Nc3 O-O-O 6. O-O f6 7. Ne1 Bh3 8.
e3 e5 9. Ne2 h5 10. f3 g5 11. Nd3 Bxg2 12. Kxg2 h4 13. Nf2 e4 14. fxe4 dxe4 15.
g4 f5 16. gxf5 Nf6 17. Nc3 Re8 18. Ng4 Bg7 19. Nxf6 Bxf6 20. Qg4 h3+ 21. Kh1
Rh4 22. Qg3 Ne7 23. Qf2 Qc6 24. a3 Bxd4 25. Ne2 Bf6 1/2-1/2

[Event "4NCL Division 3"]
[Site "Daventry Court ENG"]
[Date "2015.05.04"]
[Round "11.99"]
[White "Scott, Gordon"]
[Black "McDonagh, Michael"]
[Result "1-0"]
[WhiteElo "2090"]
[BlackElo "1997"]
[PlyCount "61"]
[EventDate "2015.05.04"]

1. d4 e6 2. c4 f5 3. Nc3 Nf6 4. Nf3 c6 5. Bf4 d5 6. e3 Be7 7. Be2 O-O 8. O-O
Ne4 9. Nxe4 fxe4 10. Nd2 Nd7 11. f3 exf3 12. Nxf3 Nf6 13. Qc2 Bd7 14. Bd3 b5
15. c5 a5 16. Ne5 Be8 17. Rf3 h6 18. Bg6 Rc8 19. Raf1 Ne4 20. Bxe4 dxe4 21.
Qxe4 Qd5 22. Qb1 Rf6 23. b3 Bh5 24. Rh3 Bf7 25. Rg3 Rf8 26. Ng4 Kh8 27. Nxf6
Bxf6 28. Bxh6 Bxd4 29. Bg5 Qxg5 30. Rh3+ Bh5 31. Rxf8# 1-0

[Event "4NCL Division 3"]
[Site "Daventry Court ENG"]
[Date "2015.05.04"]
[Round "11.99"]
[White "Connor, Stephen J"]
[Black "Myall, Ivan"]
[Result "1/2-1/2"]
[WhiteElo "2000"]
[BlackElo "2087"]
[PlyCount "125"]
[EventDate "2015.05.04"]

1. d4 Nf6 2. Bf4 d5 3. Nf3 c6 4. e3 Bf5 5. Bd3 Bxd3 6. Qxd3 Qb6 7. Qb3 Nbd7 8.
h3 Qa6 9. Qd3 Qxd3 10. cxd3 e6 11. a3 c5 12. Nc3 a6 13. dxc5 Bxc5 14. Ke2 Ke7
15. Rac1 Rac8 16. Rc2 Rc6 17. Rhc1 Rhc8 18. Na4 Ba7 19. Rxc6 Rxc6 20. Rxc6 bxc6
21. Ne5 Nxe5 22. Bxe5 c5 23. Kd2 Ne8 24. b4 f6 25. Bb2 cxb4 26. axb4 e5 27. b5
axb5 28. Nc3 Nc7 29. Ba3+ Ke6 30. Bb4 Bb6 31. Bf8 g6 32. Kc2 f5 33. Ne2 Kd7 34.
Bg7 e4 35. Be5 Ne6 36. dxe4 dxe4 37. Kb3 Ba5 38. g4 Nc5+ 39. Kc2 Nd3 40. Bg3
fxg4 41. hxg4 h5 42. Nd4 Be1 43. gxh5 gxh5 44. Nxb5 Bxf2 45. Bxf2 Nxf2 46. Kd2
Kc6 47. Nd4+ Kd5 48. Ke2 Ng4 49. Nf5 Nf6 50. Nh4 Kc4 51. Nf5 Kc3 52. Ng3 h4 53.
Nf5 h3 54. Kf2 Ng4+ 55. Ke2 Kc2 56. Ng3 Nf6 57. Nh1 Ng4 58. Ng3 h2 59. Nh1 Ne5
60. Ng3 Nf3 61. Kf2 Kd3 62. Kg2 Kxe3 63. Nxe4 1/2-1/2

[Event "4NCL Division 3"]
[Site "Daventry Court ENG"]
[Date "2015.05.04"]
[Round "11.99"]
[White "Wallis, Ian"]
[Black "Cooper, John G"]
[Result "1/2-1/2"]
[WhiteElo "2072"]
[BlackElo "2004"]
[PlyCount "44"]
[EventDate "2015.05.04"]

1. e4 d5 2. exd5 Qxd5 3. Nf3 Nf6 4. d4 Bg4 5. Be2 c6 6. Be3 Nbd7 7. O-O e6 8.
h3 Bh5 9. c4 Qa5 10. Nc3 Bd6 11. a3 O-O 12. b4 Qd8 13. Qc2 Bg6 14. Qb2 e5 15.
Rad1 exd4 16. Bxd4 Qc7 17. c5 Bf4 18. Nh4 Rad8 19. Rfe1 Bh2+ 20. Kh1 Be5 21.
Nxg6 hxg6 22. Bxe5 Nxe5 1/2-1/2

[Event "4NCL Division 3"]
[Site "Daventry Court ENG"]
[Date "2015.05.04"]
[Round "11.99"]
[White "Miles, Richard"]
[Black "Cook, Michael"]
[Result "0-1"]
[WhiteElo "1989"]
[BlackElo "1976"]
[PlyCount "94"]
[EventDate "2015.05.04"]

1. d4 Nf6 2. c4 e6 3. Nf3 Bb4+ 4. Bd2 Qe7 5. g3 O-O 6. Nc3 c5 7. a3 Bxc3 8.
Bxc3 Ne4 9. Rc1 d6 10. Bg2 Nxc3 11. Rxc3 e5 12. d5 f5 13. O-O Nd7 14. Ne1 f4
15. e4 Nf6 16. Nd3 g5 17. f3 h5 18. b4 b6 19. Qe2 Qh7 20. bxc5 bxc5 21. Rb3 h4
22. gxh4 Qxh4 23. Qf2 Qxf2+ 24. Kxf2 Ba6 25. Rc3 Kg7 26. Bh3 Rh8 27. Kg2 Rab8
28. Be6 Bc8 29. Bxc8 Rhxc8 30. Rfc1 g4 31. Nf2 Rb2 32. R1c2 gxf3+ 33. Kxf3 Rxc2
34. Rxc2 Rb8 35. Rc3 Rb2 36. Rd3 Kg6 37. Rd1 Rc2 38. Rg1+ Kf7 39. Rb1 Rc3+ 40.
Kg2 Rxa3 41. Rb7+ Kg6 42. Re7 Ra6 43. Kf3 Ra2 44. h3 Ra3+ 45. Kg2 Kg5 46. Rg7+
Kh4 47. Kh2 Rf3 0-1

[Event "4NCL Division 3"]
[Site "Daventry Court ENG"]
[Date "2015.05.04"]
[Round "11.99"]
[White "Fogg, Martin"]
[Black "Mort, Andrew J"]
[Result "1-0"]
[WhiteElo "1927"]
[BlackElo "1918"]
[PlyCount "43"]
[EventDate "2015.05.04"]

1. e4 g6 2. d4 Bg7 3. Nc3 c5 4. dxc5 Bxc3+ 5. bxc3 Qa5 6. Qd4 Nf6 7. Qb4 Nc6 8.
Qxa5 Nxa5 9. Bd3 O-O 10. Nf3 Rd8 11. O-O Ne8 12. Bf4 d6 13. cxd6 Nxd6 14. e5
Ndc4 15. Nd4 Kf8 16. Rfe1 b6 17. e6 f6 18. Nc6 Nxc6 19. Bxc4 Bb7 20. Rad1 Rac8
21. Rd7 Nb8 22. Rxb7 1-0

[Event "4NCL Division 3"]
[Site "Daventry Court ENG"]
[Date "2015.05.04"]
[Round "11.99"]
[White "Healey, Michael W"]
[Black "Madden, Paul"]
[Result "1/2-1/2"]
[WhiteElo "2098"]
[BlackElo "2091"]
[PlyCount "40"]
[EventDate "2015.05.04"]

1. e4 e6 2. b3 d5 3. Bb2 dxe4 4. Nc3 f5 5. d3 exd3 6. Bxd3 Nf6 7. Qe2 Bb4 8.
O-O-O Qe7 9. Kb1 O-O 10. Nf3 c6 11. h3 b5 12. g4 Qc5 13. gxf5 Bxc3 14. Bxc3
Qxc3 15. fxe6 Re8 16. Ng5 g6 17. Rhg1 Bxe6 18. Nxh7 Bf7 19. Nxf6+ Qxf6 20. Qg4
a5 1/2-1/2

[Event "4NCL Division 3"]
[Site "Daventry Court ENG"]
[Date "2015.05.04"]
[Round "11.99"]
[White "Mercs, Peter"]
[Black "Nandi, Robin"]
[Result "1-0"]
[WhiteElo "2077"]
[BlackElo "1986"]
[PlyCount "43"]
[EventDate "2015.05.04"]

1. e4 e5 2. Nf3 Nc6 3. d4 exd4 4. Nxd4 Nf6 5. Nxc6 bxc6 6. Bd3 d5 7. e5 Ng4 8.
Qe2 Bc5 9. O-O Qh4 10. h3 h5 11. Nd2 Qg3 12. Nf3 Nxf2 13. Rxf2 Bxh3 14. Be3
Bxe3 15. Qxe3 h4 16. Re1 Be6 17. Qg5 Kd7 18. Bf5 g6 19. Bxe6+ fxe6 20. Rd2 Raf8
21. Qxg3 hxg3 22. Rd4 1-0

[Event "4NCL Division 3"]
[Site "Daventry Court ENG"]
[Date "2015.05.04"]
[Round "11.99"]
[White "Matta, Francesca"]
[Black "Walker, Andrew"]
[Result "0-1"]
[WhiteElo "1922"]
[BlackElo "2084"]
[PlyCount "52"]
[EventDate "2015.05.04"]

1. d4 f5 2. Nf3 Nf6 3. g3 e6 4. Bg2 Be7 5. O-O O-O 6. b3 d6 7. c4 Ne4 8. Nfd2
Nxd2 9. Nxd2 Bf6 10. Bb2 Nc6 11. e3 Qe8 12. a3 e5 13. d5 Ne7 14. e4 Qg6 15. b4
Bg5 16. Nf3 Bh6 17. Nxe5 dxe5 18. Bxe5 fxe4 19. Bxc7 Bg4 20. f3 Be3+ 21. Kh1
exf3 22. Bxf3 Rxf3 23. Rxf3 Qe4 24. Kg2 Rf8 25. Bf4 Bxf4 26. Ra2 Be3 0-1

[Event "4NCL Division 3"]
[Site "Daventry Court ENG"]
[Date "2015.05.04"]
[Round "11.99"]
[White "Burke, Steve"]
[Black "Terry, Sean"]
[Result "1-0"]
[WhiteElo "1935"]
[BlackElo "1930"]
[PlyCount "109"]
[EventDate "2015.05.04"]

1. e4 c5 2. Nf3 Nc6 3. Bb5 e6 4. Bxc6 bxc6 5. d3 g6 6. O-O Bg7 7. e5 Rb8 8. Nc3
f5 9. Na4 Qa5 10. b3 Nh6 11. Ba3 Nf7 12. Re1 O-O 13. Rb1 d6 14. exd6 Nxd6 15.
Bxc5 Qc7 16. Bd4 Nf7 17. Bxg7 Kxg7 18. d4 Bd7 19. Nc5 Rbe8 20. Ne5 Nxe5 21.
Rxe5 Bc8 22. Qe2 Qa5 23. a4 Qc3 24. Qd3 Qxd3 25. Nxd3 Rd8 26. c3 Rd5 27. Rbe1
Rfd8 28. Nf4 Rxe5 29. Rxe5 Kf6 30. Ra5 a6 31. Nd3 Rd5 32. Rxd5 exd5 33. f4 g5
34. Kf2 h6 35. Kg3 Bd7 36. Nb4 a5 37. Nd3 Bc8 38. Ne5 Bb7 39. Nd7+ Ke7 40. Nc5
Bc8 41. b4 axb4 42. cxb4 Kd6 43. Nd3 Ke6 44. Ne5 Bb7 45. Kf3 Ke7 46. a5 Ke6 47.
Nd3 Kd6 48. fxg5 hxg5 49. h4 gxh4 50. Kf4 Bc8 51. Kg5 Kc7 52. Kxh4 Kb8 53. Nc5
Ka7 54. Kg5 Kb8 55. g3 1-0

[Event "4NCL Division 3"]
[Site "Daventry Court ENG"]
[Date "2015.05.04"]
[Round "11.99"]
[White "Ludbrook, Matthew"]
[Black "Taylor, Bob"]
[Result "1-0"]
[WhiteElo "1996"]
[BlackElo "1922"]
[PlyCount "59"]
[EventDate "2015.05.04"]

1. e4 e5 2. Nf3 Nc6 3. Bb5 Nf6 4. O-O d6 5. d4 exd4 6. Nxd4 Bd7 7. Re1 Be7 8.
Nc3 O-O 9. Bf4 Nxd4 10. Qxd4 Bxb5 11. Nxb5 a6 12. Nc3 Re8 13. Rad1 Qc8 14. Rd3
Nh5 15. Bd2 Bf6 16. Qe3 g6 17. b3 Bg7 18. Nd5 Nf6 19. Nxf6+ Bxf6 20. Qf4 Be5
21. Qh4 Qd8 22. Bg5 Qd7 23. Rh3 f5 24. exf5 Bxh2+ 25. Kxh2 Rxe1 26. fxg6 Qxh3+
27. gxh3 hxg6 28. Qc4+ Kf8 29. Qxc7 Re6 30. Qxb7 1-0

[Event "4NCL Division 3"]
[Site "Daventry Court ENG"]
[Date "2015.05.04"]
[Round "11.99"]
[White "Jarvis, Derek"]
[Black "Pozimski, Szymon"]
[Result "1/2-1/2"]
[WhiteElo "1926"]
[BlackElo "1945"]
[PlyCount "125"]
[EventDate "2015.05.04"]

1. e4 b6 2. d4 Bb7 3. Nd2 g6 4. Ngf3 Bg7 5. Bd3 e6 6. O-O Ne7 7. c4 O-O 8. Nb1
c6 9. Nc3 d5 10. cxd5 cxd5 11. e5 Ba6 12. Bxa6 Nxa6 13. Qa4 Nc7 14. h4 h6 15.
Qd1 Nf5 16. g3 b5 17. Qd3 b4 18. Nd1 Qd7 19. Ne3 Qb5 20. Qc2 Rfc8 21. Nxf5 exf5
22. Be3 Ne6 23. Qd2 h5 24. Rfc1 a5 25. b3 Qb7 26. Ng5 Nc7 27. a4 bxa3 28. Rxa3
Bf8 29. Raa1 Bb4 30. Qd3 Qb5 31. Qd1 Qd7 32. Bd2 Nb5 33. Bxb4 axb4 34. Rxa8
Rxa8 35. Qd3 Nc3 36. Re1 Qb5 37. Qxb5 Nxb5 38. e6 f6 39. Nf3 Kf8 40. Rc1 Nc3
41. Kg2 Ke7 42. Ne1 Ra3 43. Nd3 Rxb3 44. Nf4 g5 45. Nxh5 Rb1 46. Rxb1 Nxb1 47.
Ng7 gxh4 48. gxh4 Nd2 49. h5 Ne4 50. h6 Ng5 51. f4 Nh7 52. Nxf5+ Kxe6 53. Ne3
f5 54. Kf3 b3 55. Nd1 Kf6 56. Ke3 Kg6 57. Kd3 Kxh6 58. Ne3 Kh5 59. Nxf5 Kg4 60.
Ne3+ Kxf4 61. Nxd5+ Kf5 62. Ne3+ Kf4 63. Nd5+ 1/2-1/2

[Event "4NCL Division 3"]
[Site "Daventry Court ENG"]
[Date "2015.05.04"]
[Round "11.99"]
[White "Gostelow, Dave"]
[Black "Prasath, Malola TS"]
[Result "1-0"]
[WhiteElo "2080"]
[BlackElo "2057"]
[PlyCount "74"]
[EventDate "2015.05.04"]

1. d4 Nc6 2. Nf3 d6 3. Bf4 Nf6 4. e3 a6 5. h3 g6 6. c4 Bg7 7. Nc3 O-O 8. Be2
Qe8 9. Nd5 Nxd5 10. cxd5 Nd8 11. O-O c6 12. dxc6 bxc6 13. Rc1 h6 14. Qd2 Ne6
15. Bg3 a5 16. e4 c5 17. d5 Nd4 18. Nxd4 cxd4 19. Rc7 Ba6 20. Bxa6 Rxa6 21.
Rfc1 Kh7 22. R1c4 a4 23. Rb7 e6 24. Rcc7 exd5 25. exd5 Qe4 26. Rxf7 Rxf7 27.
Rxf7 Qxd5 28. Qf4 Kg8 29. Rd7 d3 30. Qd2 Rc6 31. Bf4 g5 32. Be3 Rc2 33. Qd1 a3
34. bxa3 Rxa2 35. Qh5 Ra1+ 36. Kh2 Qe5+ 37. g3 Qe4 1-0

[Event "4NCL Division 3"]
[Site "Daventry Court ENG"]
[Date "2015.05.04"]
[Round "11.99"]
[White "Robson, Paul E"]
[Black "Roberts, Colin"]
[Result "1/2-1/2"]
[WhiteElo "1893"]
[BlackElo "2057"]
[PlyCount "47"]
[EventDate "2015.05.04"]

1. e4 e6 2. d4 d5 3. Nd2 Nf6 4. e5 Nfd7 5. Bd3 c5 6. c3 Nc6 7. Ngf3 cxd4 8.
cxd4 f5 9. exf6 Nxf6 10. O-O Bd6 11. Nb3 O-O 12. Re1 Qe7 13. Bg5 Qf7 14. Rc1
Qh5 15. Bxf6 Rxf6 16. Ne5 Qh4 17. g3 Qh3 18. Ng4 Rh6 19. Bf1 Qh5 20. Nxh6+ Qxh6
21. Bg2 Bd7 22. Nc5 Bxc5 23. Rxc5 Qf6 24. Qg4 1/2-1/2